| 000 | 00795cam a22002413a 4500 | ||
|---|---|---|---|
| 001 | 15447 | ||
| 003 | PGUSA | ||
| 005 | 20140828083330.0 | ||
| 008 | 050324s2005||||xxu|||||s|||||000 | eng d | ||
| 040 |
_aPGUSA _beng |
||
| 042 | _adc | ||
| 050 | 4 | _aPR | |
| 100 | 1 |
_aBeers, Henry A. _q(Henry Augustin), _d1847-1926 |
|
| 245 | 1 | 2 |
_aA History of English Romanticism in the Eighteenth Century _h[electronic resource] / _cHenry A. Beers |
| 260 |
_bProject Gutenberg, _c2005 |
||
| 506 | _aPublic domain in the USA. | ||
| 516 | _aElectronic text | ||
| 653 | _aEnglish literature -- 18th century -- History and criticism | ||
| 653 | _aRomanticism -- Great Britain -- History -- 18th century | ||
| 830 | 0 |
_aProject Gutenberg _v15447 |
|
| 856 | 4 | 0 | _uhttp://www.gutenberg.org/ebooks/15447 |
| 942 | _cEB | ||
| 999 |
_c244702 _d244702 |
||